000 00547nam a2200157Ia 4500
003 SGT
020 _a9788120310476
082 _a621.381
_bSCH
100 _aSchilling,Robert J
245 _aFundamentals of Robotics
260 _bPHI Learning Private Limited
_aNew Delhi
_c1990
300 _a425p.
650 _aELECTRONICS ENGINEERING
653 _aROBOTIC MANIPULATION,DIRECT KINEMATICS THE ARM EQUATION,INVERSE KINEMATICS,SOLVING THE ARM EQUATION,WORK SPACE ANALYSIS AND TRAJECTORY PLANNING,DIFFERENTIAL MOTION AND STATICS
942 _2ddc
_cBK
_01
999 _c5068
_d5068